[Event "4NCL Online Division 5"]
[Site "online"]
[Date "2020.05.12"]
[Round "6.93"]
[White "Millar, Greg F"]
[Black "Peakman, Jonlee"]
[Result "1-0"]
[WhiteElo "1727"]
[BlackElo "1217"]
[PlyCount "93"]
[EventDate "2020.05.12"]
[WhiteTeam "Maryport Assassins B"]
[BlackTeam "East Kilbride"]

1. d4 d5 2. Bf4 Bf5 3. e3 e6 4. Nf3 Nf6 5. Bd3 Bxd3 6. Qxd3 c5 7. c3 Nbd7 8.
O-O Be7 9. Nbd2 O-O 10. Rfe1 Nh5 11. a4 Nxf4 12. exf4 cxd4 13. cxd4 Rc8 14.
Rec1 Qb6 15. Qb5 Qxb5 16. axb5 Rxc1+ 17. Rxc1 Bd6 18. Ne5 Nb6 19. g3 Rc8 20.
Rxc8+ Nxc8 21. Nb3 f6 22. Nd3 Nb6 23. Nbc5 Bxc5 24. Nxc5 Nc4 25. Nxb7 Nxb2 26.
Nd8 Kf8 27. Nxe6+ Kf7 28. Nc7 Nc4 29. Nxd5 Na3 30. b6 axb6 31. Nxb6 Ke6 32. Kg2
Nb5 33. d5+ Kd6 34. Kf3 Nc3 35. Kg4 Nxd5 36. Nxd5 Kxd5 37. Kf5 Kd6 38. g4 Ke7
39. h4 g6+ 40. Ke4 Kf7 41. f5 g5 42. h5 h6 43. Kd5 Ke7 44. Kc6 Kf7 45. Kd7 Kg7
46. Ke7 Kh7 47. Kxf6 1-0

[Event "4NCL Online Division 5"]
[Site "online"]
[Date "2020.05.12"]
[Round "6.94"]
[White "Shrestha, Unnabh"]
[Black "Stone, Ian C"]
[Result "0-1"]
[WhiteElo "1084"]
[BlackElo "1675"]
[PlyCount "64"]
[EventDate "2020.05.12"]
[WhiteTeam "East Kilbride"]
[BlackTeam "Maryport Assassins B"]

1. d4 Nf6 2. Bf4 e6 3. e3 c5 4. c3 Nc6 5. Nf3 Be7 6. Bd3 O-O 7. Qc2 d5 8. Nbd2
c4 9. Be2 Nh5 10. Bg3 Nxg3 11. hxg3 h6 12. O-O-O Bd7 13. g4 b5 14. a3 a5 15.
Rh5 f5 16. g5 Be8 17. Rh2 Bxg5 18. Nxg5 Qxg5 19. Rdh1 b4 20. f4 Qe7 21. g4 bxa3
22. bxa3 Qxa3+ 23. Kd1 Qa1+ 24. Nb1 Rb8 25. Kd2 Rb2 26. Na3 Qxa3 27. g5 Rxc2+
28. Kxc2 h5 29. Bxh5 Bxh5 30. Rxh5 Kf7 31. R5h2 Rb8 32. Rb1 Qa2+ 0-1

[Event "4NCL Online Division 5"]
[Site "online"]
[Date "2020.05.12"]
[Round "6.101"]
[White "Valentine, Tim"]
[Black "Chung, Ethan Cheung Jing"]
[Result "0-1"]
[WhiteElo "1712"]
[BlackElo "1847"]
[PlyCount "106"]
[EventDate "2020.05.12"]
[WhiteTeam "Battersea Pawnbreakers"]
[BlackTeam "Young Dragons"]

1. e4 e6 2. d4 d5 3. Nc3 dxe4 4. Nxe4 Nd7 5. Nf3 Ngf6 6. Nxf6+ Nxf6 7. c3 c5 8.
Ne5 cxd4 9. Bb5+ Bd7 10. Nxd7 Nxd7 11. Qxd4 a6 12. Ba4 b5 13. Bc2 e5 14. Qe4
Bd6 15. O-O Rc8 16. Re1 Nf6 17. Qe2 O-O 18. Bg5 h6 19. Bh4 Re8 20. Rad1 Qe7 21.
Qd3 Rcd8 22. Qf3 Bc5 23. Qc6 g5 24. Bg3 Rd6 25. Rxd6 Qxd6 26. Qxd6 Bxd6 27. Rd1
Bc5 28. b4 Bf8 29. Bf5 Nh5 30. Rd3 Nf4 31. Bxf4 exf4 32. Kf1 Bg7 33. Bg4 Be5
34. Be2 Rc8 35. c4 bxc4 36. Rd5 c3 37. Bd3 f6 38. Ke2 c2 39. Bxc2 Rxc2+ 40. Rd2
Rxd2+ 41. Kxd2 Kf7 42. Kd3 Ke6 43. Kc4 Kd6 44. a4 Kc6 45. f3 h5 46. h3 f5 47.
Kb3 Kd5 48. b5 axb5 49. axb5 Kc5 50. Ka4 g4 51. Ka5 Bc7+ 52. Ka6 Bb6 53. Kb7
Kxb5 0-1

[Event "4NCL Online Division 5"]
[Site "online"]
[Date "2020.05.12"]
[Round "6.102"]
[White "Wu, Yuxuan"]
[Black "Hunt, Arnold"]
[Result "1-0"]
[WhiteElo "1480"]
[BlackElo "1562"]
[PlyCount "95"]
[EventDate "2020.05.12"]
[WhiteTeam "Young Dragons"]
[BlackTeam "Battersea Pawnbreakers"]

1. e4 c5 2. Nf3 d6 3. d4 cxd4 4. Nxd4 Nf6 5. Nc3 a6 6. f4 e6 7. Be2 Be7 8. O-O
b5 9. a3 Bb7 10. Bf3 Qc7 11. Re1 Nbd7 12. Qe2 O-O 13. g4 Qb6 14. Be3 Nc5 15. b4
Ncxe4 16. Nxe4 Nxe4 17. Nxe6 Nc3 18. Qg2 Bxf3 19. Qxf3 Qb8 20. Nxf8 Qxf8 21.
Bd4 Na4 22. Re2 Rc8 23. c3 Qd8 24. Rae1 Bf8 25. g5 g6 26. Re8 Qxe8 27. Rxe8
Rxe8 28. Qc6 Re6 29. Qxa6 Bg7 30. Qxb5 Bxd4+ 31. cxd4 Nc3 32. Qb8+ Kg7 33. b5
Ne2+ 34. Kf2 Nxd4 35. b6 Nc6 36. Qc7 Na5 37. b7 Nxb7 38. Qxb7 Kf8 39. Qb2 d5
40. Qa2 d4 41. Qd5 d3 42. Qxd3 Kg7 43. a4 h6 44. Qd4+ Kh7 45. a5 hxg5 46. fxg5
Ra6 47. Qb6 Ra8 48. a6 1-0

[Event "4NCL Online Division 5"]
[Site "online"]
[Date "2020.05.12"]
[Round "6.103"]
[White "Krovvidi, Raja"]
[Black "Davies, Tom"]
[Result "1-0"]
[WhiteElo "1495"]
[BlackElo "1405"]
[PlyCount "73"]
[EventDate "2020.05.12"]
[WhiteTeam "Battersea Pawnbreakers"]
[BlackTeam "Young Dragons"]

1. d4 d5 2. Nc3 e6 3. g3 Nf6 4. Bg2 c5 5. e3 Nc6 6. Nge2 g5 7. f4 h6 8. a3 Bg7
9. dxc5 Qa5 10. b4 Nxb4 11. Bd2 Nc6 12. Nxd5 Qxc5 13. Nc7+ Kf8 14. Nxa8 Nd5 15.
Rb1 b6 16. c4 Nde7 17. Bb4 Nxb4 18. axb4 Bc3+ 19. Kf2 Bxb4 20. Qd4 Qxd4 21.
exd4 Bd6 22. Rhc1 Ba6 23. c5 Bb8 24. cxb6 Bxe2 25. Kxe2 axb6 26. Rxb6 Kg7 27.
Nc7 Bxc7 28. Rxc7 Nd5 29. Bxd5 exd5 30. Rc2 Re8+ 31. Kd3 gxf4 32. gxf4 h5 33.
Rd6 Re4 34. Rf2 f5 35. Rxd5 h4 36. Rxf5 Re1 37. Rg2+ 1-0

[Event "4NCL Online Division 5"]
[Site "online"]
[Date "2020.05.12"]
[Round "6.104"]
[White "Jaberansari, Benjamin"]
[Black "Blackwell, David"]
[Result "1/2-1/2"]
[WhiteElo "1330"]
[BlackElo "1307"]
[PlyCount "68"]
[EventDate "2020.05.12"]
[WhiteTeam "Young Dragons"]
[BlackTeam "Battersea Pawnbreakers"]

1. e4 d6 2. d4 Nf6 3. Nc3 Nbd7 4. Nf3 e5 5. dxe5 dxe5 6. Bg5 Be7 7. Bc4 O-O 8.
O-O c6 9. Be3 h6 10. Re1 Nh7 11. h3 Ng5 12. Nh2 Nb6 13. Qxd8 Rxd8 14. Bxb6 axb6
15. Ng4 Bxg4 16. hxg4 Kh8 17. Rad1 Rd6 18. Rxd6 Bxd6 19. Rd1 Rd8 20. b4 b5 21.
Bb3 g6 22. f3 Kg7 23. Kf2 f6 24. g3 Nf7 25. Bxf7 Kxf7 26. f4 Ke7 27. fxe5 Bxe5
28. Rxd8 Kxd8 29. Ne2 Ke7 30. Nf4 Kf7 31. Nd3 Bd4+ 32. Kf3 g5 33. Kg2 Ke6 34.
Kf3 b6 1/2-1/2

[Event "4NCL Online Division 5"]
[Site "online"]
[Date "2020.05.12"]
[Round "6.111"]
[White "Simpson, Derek"]
[Black "Dasgupta, Avyukt"]
[Result "1-0"]
[WhiteElo "1675"]
[BlackElo "1637"]
[PlyCount "65"]
[EventDate "2020.05.12"]
[WhiteTeam "Broken Herts 1"]
[BlackTeam "Watford Juniors A"]

1. d4 Nf6 2. Nf3 g6 3. Nc3 Bg7 4. e4 d6 5. Be2 O-O 6. O-O Nbd7 7. h3 c5 8. e5
Ne8 9. Be3 Qb6 10. Nd5 Qxb2 11. Qd3 c4 12. Qxc4 Nb6 13. Nxe7+ Kh8 14. Qb3 Qxb3
15. axb3 Be6 16. c4 d5 17. c5 Nd7 18. c6 bxc6 19. Nxc6 f6 20. Ra2 Rc8 21. Ra6
Bf5 22. Ne7 Rc2 23. Nxf5 Rxe2 24. Nxg7 Nxg7 25. Rxa7 Rf7 26. Rc1 Ne6 27. Rc6
Nef8 28. Bh6 Kg8 29. Rc8 Rg7 30. Rxd7 Rf7 31. Rdd8 Rc2 32. Rxf8+ Rxf8 33. Rxf8#
1-0

[Event "4NCL Online Division 5"]
[Site "online"]
[Date "2020.05.12"]
[Round "6.112"]
[White "Morrell, Sean"]
[Black "Hutton, Allan"]
[Result "1-0"]
[WhiteElo "1607"]
[BlackElo "1600"]
[PlyCount "31"]
[EventDate "2020.05.12"]
[WhiteTeam "Watford Juniors A"]
[BlackTeam "Broken Herts 1"]

1. e4 c6 2. Nf3 d5 3. Nc3 dxe4 4. Nxe4 Bf5 5. Ng3 Bg6 6. h4 h6 7. Ne5 Qd6 8.
Nxg6 Qxg6 9. Bc4 e6 10. d4 Nd7 11. Bf4 Qf6 12. Qd2 Nb6 13. Bb3 O-O-O 14. O-O-O
Bd6 15. Bxd6 Rxd6 16. Ne4 1-0

[Event "4NCL Online Division 5"]
[Site "online"]
[Date "2020.05.12"]
[Round "6.113"]
[White "Elder, Kidge"]
[Black "Ghosh, Kabir A"]
[Result "0-1"]
[WhiteElo "1555"]
[BlackElo "1502"]
[PlyCount "105"]
[EventDate "2020.05.12"]
[WhiteTeam "Broken Herts 1"]
[BlackTeam "Watford Juniors A"]

1. d4 f5 2. g3 e6 3. Bg2 Nf6 4. c4 c6 5. e3 d5 6. Nd2 Be7 7. Ne2 O-O 8. O-O
Nbd7 9. b3 Ne4 10. cxd5 exd5 11. f3 Nxd2 12. Qxd2 Nf6 13. Bb2 Bd7 14. Nf4 Rc8
15. a3 Be8 16. Ne6 Qd7 17. Nxf8 Bxf8 18. b4 b6 19. Rac1 Bg6 20. Bh3 Qe6 21. Rc2
c5 22. dxc5 bxc5 23. Bxf6 gxf6 24. Rfc1 c4 25. Rc3 Bd6 26. Re1 Be5 27. Rcc1 c3
28. Qd3 Qc6 29. f4 Bd6 30. Re2 a5 31. Bg2 Bf7 32. b5 Qc7 33. Bxd5 Bxa3 34.
Bxf7+ Kxf7 35. Qd5+ Kg6 36. Rcc2 Rd8 37. Qg2 Rd1+ 38. Kf2 Bb4 39. Qc6 Qxc6 40.
bxc6 Rd6 41. c7 Rc6 42. e4 Rxc7 43. exf5+ Kxf5 44. h3 Rd7 45. Ke3 h5 46. Kf3
Rd3+ 47. Kf2 a4 48. Ra2 a3 49. Re3 Bc5 50. Rae2 Rxe3 51. Rxe3 Bxe3+ 52. Kxe3 a2
53. Kd3 0-1

[Event "4NCL Online Division 5"]
[Site "online"]
[Date "2020.05.12"]
[Round "6.114"]
[White "Demjan, Denisz"]
[Black "Kapur, Gul"]
[Result "1-0"]
[WhiteElo "1277"]
[BlackElo "1510"]
[PlyCount "61"]
[EventDate "2020.05.12"]
[WhiteTeam "Watford Juniors A"]
[BlackTeam "Broken Herts 1"]

1. e4 c6 2. Nc3 d5 3. d4 dxe4 4. Nxe4 Bf5 5. f3 e6 6. Bg5 Be7 7. Bxe7 Qxe7 8.
Ne2 Qh4+ 9. N2g3 Nf6 10. Bd3 Nd5 11. Nd6+ Ke7 12. Ndxf5+ exf5 13. Qe2+ Kd8 14.
O-O-O Nf4 15. Qe5 Nxd3+ 16. Rxd3 Qe7 17. Qxg7 Re8 18. Rhd1 Nd7 19. Qh6 Qb4 20.
c3 Qa5 21. Kb1 Re6 22. Qxh7 Kc7 23. d5 cxd5 24. Rxd5 Qa4 25. Qxf7 Qc6 26. Rxd7+
Kb6 27. Rxb7+ Qxb7 28. Qxe6+ Ka5 29. Rd5+ Ka4 30. b3+ Ka3 31. Ra5# 1-0

[Event "4NCL Online Division 5"]
[Site "online"]
[Date "2020.05.12"]
[Round "6.121"]
[White "Lingard, Geoffrey W"]
[Black "Arora, Tashika"]
[Result "0-1"]
[WhiteElo "1765"]
[BlackElo "1787"]
[PlyCount "134"]
[EventDate "2020.05.12"]
[WhiteTeam "Bude Surfers"]
[BlackTeam "Oxford 4"]

1. e4 c5 2. Nc3 Nc6 3. Bc4 Nf6 4. d3 g6 5. Nge2 Bg7 6. O-O O-O 7. f4 d6 8. Qe1
e6 9. Bd2 d5 10. exd5 exd5 11. Bb5 Re8 12. Qh4 d4 13. Ne4 Nxe4 14. Qxd8 Rxd8
15. dxe4 Be6 16. f5 Bd7 17. Ng3 Ne5 18. Bxd7 Rxd7 19. f6 Bf8 20. Bf4 Nc4 21. b3
Nb6 22. Rad1 Re8 23. e5 Nd5 24. Rde1 Nxf4 25. Rxf4 Rc7 26. Nf1 Bh6 27. Rfe4 Rc6
28. h4 Rce6 29. g4 Bf8 30. Nd2 b5 31. Kf2 Ra6 32. Ra1 Bh6 33. g5 Bf8 34. Kf3 h6
35. Kf4 Rae6 36. Rae1 a5 37. Kf3 Ra6 38. a4 bxa4 39. bxa4 Rb6 40. Nb3 Rb4 41.
Nxa5 Rxa4 42. Nb3 h5 43. e6 fxe6 44. Rxe6 Rxe6 45. Rxe6 Rc4 46. Re2 Rc3+ 47.
Ke4 Rh3 48. Kd5 Rxh4 49. Nxc5 Rg4 50. Ne4 h4 51. Ke6 h3 52. Ke5 Rg2 53. Re1
Rxc2 54. Kxd4 Rg2 55. Rh1 h2 56. Ke3 Ra2 57. Kf3 Ra3+ 58. Kg2 Re3 59. Nf2 Bd6
60. Kf1 Rf3 61. Ke2 Ra3 62. Ng4 Rg3 63. Nh6+ Kf8 64. Rc1 Ke8 65. f7+ Kd7 66.
Ng8 Rg1 67. Nf6+ Ke6 0-1

[Event "4NCL Online Division 5"]
[Site "online"]
[Date "2020.05.12"]
[Round "6.122"]
[White "Neatherway, A Philip"]
[Black "Constable, Christine F"]
[Result "1-0"]
[WhiteElo "1798"]
[BlackElo "1577"]
[PlyCount "171"]
[EventDate "2020.05.12"]
[WhiteTeam "Oxford 4"]
[BlackTeam "Bude Surfers"]

1. e4 g6 2. d4 Bg7 3. Nc3 d6 4. Bg5 a6 5. Qd2 b5 6. a3 Nd7 7. f4 c5 8. Nf3 Bb7
9. d5 Ngf6 10. Bd3 Qb6 11. h3 c4 12. Be2 Nc5 13. Qe3 Qa7 14. Bxf6 Bxf6 15. O-O
O-O 16. Kh2 Qb8 17. e5 Bg7 18. Rad1 Qc8 19. Nd4 dxe5 20. fxe5 Qc7 21. Nf3 Nd7
22. d6 exd6 23. exd6 Qc6 24. Qg5 Rfe8 25. Rf2 h6 26. Qg3 Rad8 27. Kh1 Ne5 28.
Nxe5 Bxe5 29. Qe3 Bg7 30. Qf3 Qd7 31. Qg3 Be5 32. Qh4 Bg7 33. Bf3 Bxf3 34. Rxf3
Re2 35. Nxe2 h5 36. Qf4 Be5 37. Qh6 Bg7 38. Qd2 Qc6 39. Qd5 Qd7 40. c3 Re8 41.
Nf4 Be5 42. Nxg6 Bxd6 43. Qxd6 Re1+ 44. Kh2 Rxd1 45. Qxd7 Rxd7 46. Ne5 Re7 47.
Re3 f6 48. Nxc4 Rg7 49. Nd2 Rd7 50. Nf3 Kf7 51. Re2 Kg6 52. Nd4 Rd6 53. Kg3 Kg5
54. h4+ Kg6 55. Kf4 Rd5 56. Re6 a5 57. Rb6 b4 58. axb4 axb4 59. Rxb4 Re5 60.
Rb8 Kf7 61. Rb7+ Kg6 62. b4 Re1 63. b5 Rc1 64. Rc7 Rb1 65. c4 Rb4 66. Nc2 Rb2
67. Ne3 Rb4 68. Nd5 Rb2 69. g3 Rf2+ 70. Ke3 Rb2 71. Rc6 Rb3+ 72. Kf4 Rb2 73.
Rxf6+ Kg7 74. Rc6 Rf2+ 75. Ke3 Rb2 76. b6 Rb3+ 77. Kf4 Rb1 78. Kg5 Rb2 79. Rc7+
Kg8 80. b7 Rb3 81. Rc8+ Kf7 82. b8=Q Rxg3+ 83. Qxg3 Ke6 84. Qf4 Kd7 85. Rc7+
Ke6 86. Qf6# 1-0

[Event "4NCL Online Division 5"]
[Site "online"]
[Date "2020.05.12"]
[Round "6.123"]
[White "Constable, John"]
[Black "Hameed, Asif"]
[Result "0-1"]
[WhiteElo "1562"]
[BlackElo "1768"]
[PlyCount "80"]
[EventDate "2020.05.12"]
[WhiteTeam "Bude Surfers"]
[BlackTeam "Oxford 4"]

1. Nf3 b6 2. g3 Bb7 3. Bg2 Nf6 4. O-O Nc6 5. d4 d5 6. c4 e6 7. b3 Be7 8. Nc3
O-O 9. Bb2 Rb8 10. cxd5 exd5 11. e3 Ba6 12. Re1 Nb4 13. Bf1 Bxf1 14. Kxf1 Qc8
15. Ng1 Ne4 16. Nxe4 dxe4 17. Ba3 Qa6+ 18. Kg2 Qxa3 19. Qe2 Nd3 20. Red1 f5 21.
Nh3 Qa6 22. Kh1 Rbd8 23. Nf4 Nb4 24. Qxa6 Nxa6 25. Ne6 Nb4 26. Nxf8 Kxf8 27. a3
Nd3 28. Kg2 c5 29. f3 Bg5 30. fxe4 fxe4 31. Rf1+ Ke7 32. dxc5 Nxc5 33. Rf5 Bxe3
34. Re1 g6 35. Re5+ Kf6 36. Rxe4 Nxe4 37. Rxe3 Rd2+ 38. Kh3 Ng5+ 39. Kg4 h5+
40. Kf4 Rd4+ 0-1

[Event "4NCL Online Division 5"]
[Site "online"]
[Date "2020.05.12"]
[Round "6.124"]
[White "Bentham, Sam"]
[Black "Russell, Lloyd"]
[Result "1-0"]
[WhiteElo "1625"]
[BlackElo "1210"]
[PlyCount "21"]
[EventDate "2020.05.12"]
[WhiteTeam "Oxford 4"]
[BlackTeam "Bude Surfers"]

1. c4 c6 2. Nf3 d5 3. Nc3 g6 4. e3 Bf5 5. cxd5 cxd5 6. Qb3 b6 7. Nxd5 e6 8.
Bb5+ Nd7 9. Ne5 exd5 10. Qxd5 Ngf6 11. Qxf7# 1-0

[Event "4NCL Online Division 5"]
[Site "online"]
[Date "2020.05.12"]
[Round "6.131"]
[White "Hill, Michael"]
[Black "Jeffs, David"]
[Result "1/2-1/2"]
[WhiteElo "1727"]
[BlackElo "1720"]
[PlyCount "82"]
[EventDate "2020.05.12"]
[WhiteTeam "East Cornwall Clowns"]
[BlackTeam "Warley and Quinborne"]

1. Nf3 d5 2. d4 e6 3. e3 Nf6 4. Nbd2 Nc6 5. a3 Bd6 6. c4 b6 7. b4 O-O 8. Bb2
Bb7 9. Be2 a6 10. Rc1 dxc4 11. Bxc4 b5 12. Be2 Ne7 13. O-O Bd5 14. Qc2 Bb7 15.
Bd3 h6 16. Rfe1 Rc8 17. e4 Bf4 18. Rcd1 Bxd2 19. Qxd2 Ng6 20. h3 Nh5 21. Bf1
Re8 22. Qc3 Qe7 23. Qe3 Rcd8 24. Nh2 Nf6 25. f3 Nh5 26. Qf2 Qd7 27. Ng4 f5 28.
exf5 exf5 29. Rxe8+ Rxe8 30. Nh2 Bd5 31. Bc1 Qc6 32. g3 Qd6 33. f4 Qc6 34. Be2
Nf6 35. Bf3 Ne4 36. Bxe4 Bxe4 37. Be3 Qc3 38. Nf1 c6 39. Qa2+ Bd5 40. Qb1 Be4
41. Qa2+ Bd5 1/2-1/2

[Event "4NCL Online Division 5"]
[Site "online"]
[Date "2020.05.12"]
[Round "6.132"]
[White "Berry, Steve"]
[Black "Henderson, Jason"]
[Result "0-1"]
[WhiteElo "1480"]
[BlackElo "1705"]
[PlyCount "116"]
[EventDate "2020.05.12"]
[WhiteTeam "Warley and Quinborne"]
[BlackTeam "East Cornwall Clowns"]

1. e4 e6 2. d4 d5 3. exd5 exd5 4. Nf3 Bd6 5. c4 c6 6. Nc3 Ne7 7. c5 Bc7 8. Be2
O-O 9. O-O Ng6 10. Bg5 Qd7 11. Qd3 Qf5 12. Qxf5 Bxf5 13. Ne1 Nd7 14. Bd3 Bg4
15. Be3 Rfe8 16. Nc2 Nf6 17. f3 Bd7 18. Ne2 Nh5 19. Bxg6 hxg6 20. a3 Bf5 21. g4
Bxc2 22. Rac1 Rxe3 23. Rxc2 Nf4 24. Nc3 Rae8 25. Kf2 Nd3+ 26. Kg1 Ne1 27. Rcf2
Nd3 28. Rc2 Re1 29. Rxe1 Rxe1+ 30. Kg2 Nf4+ 31. Kf2 Rh1 32. Ke3 Ne6 33. Rf2
Rxh2 34. Nd1 Rxf2 35. Nxf2 Bf4+ 36. Kd3 Bg3 37. Nd1 Nf4+ 38. Ke3 Ne6 39. a4
Bf4+ 40. Kd3 g5 41. b3 g6 42. Nc3 f5 43. Ne2 Kf7 44. Ng1 Ke7 45. Ne2 Bc7 46. b4
Nf4+ 47. Nxf4 gxf4 48. g5 b6 49. Ke2 bxc5 50. bxc5 Ba5 51. Kd3 Kd7 52. Kc2 Bd8
53. Kd3 Bxg5 54. Ke2 Bf6 55. Kf2 g5 56. Kg2 g4 57. Kf2 Bxd4+ 58. Kg2 Bxc5 0-1

[Event "4NCL Online Division 5"]
[Site "online"]
[Date "2020.05.12"]
[Round "6.133"]
[White "Pearce, Stephen"]
[Black "Lewis, John B"]
[Result "1-0"]
[WhiteElo "1577"]
[BlackElo "1465"]
[PlyCount "73"]
[EventDate "2020.05.12"]
[WhiteTeam "East Cornwall Clowns"]
[BlackTeam "Warley and Quinborne"]

1. e4 c5 2. Nf3 Nc6 3. Nc3 a6 4. d4 cxd4 5. Nxd4 Nxd4 6. Qxd4 d6 7. Bc4 e5 8.
Qd3 Nf6 9. O-O Be6 10. h3 Rc8 11. Bb3 Be7 12. Be3 O-O 13. Nd5 Nxd5 14. Bxd5
Bxd5 15. exd5 f5 16. f4 e4 17. Qe2 Bf6 18. c3 Qd7 19. Kh1 Bd8 20. Bd4 Bf6 21.
Be3 b5 22. Rac1 Rc4 23. Rfd1 Rfc8 24. Qe1 Qb7 25. Qg1 R4c7 26. a3 Rf7 27. g4
fxg4 28. Qxg4 Qe7 29. f5 Rcf8 30. Rg1 Bh4 31. Rcf1 g5 32. Qxh4 Rxf5 33. Bxg5
Qf7 34. Be7+ Kh8 35. Bxf8 Rxf1 36. Bg7+ Kg8 37. Qd8+ 1-0

[Event "4NCL Online Division 5"]
[Site "online"]
[Date "2020.05.12"]
[Round "6.134"]
[White "Jenkins, David R"]
[Black "Woodward,  Pauline"]
[Result "1-0"]
[WhiteElo "1532"]
[BlackElo "1262"]
[PlyCount "71"]
[EventDate "2020.05.12"]
[WhiteTeam "East Cornwall Clowns"]
[BlackTeam "Warley and Quinborne"]

1. e4 d6 2. d4 Nf6 3. Nc3 g6 4. f4 Bg7 5. Nf3 O-O 6. Bd3 Nfd7 7. Ne2 c5 8. c3
Nc6 9. Bc2 cxd4 10. cxd4 Nb4 11. Bb1 Nb6 12. a3 Nc6 13. O-O Na5 14. b3 Qc7 15.
Bd2 Nc6 16. Bd3 Nd7 17. Rc1 Qb6 18. Kh1 e5 19. d5 Na5 20. b4 exf4 21. bxa5 Qd8
22. Bxf4 Nc5 23. Bc2 Bb2 24. Rb1 Bxa3 25. Qd2 b6 26. Bh6 Re8 27. Qc3 f6 28.
Qxa3 Ba6 29. Rbe1 Nxe4 30. Bxe4 Rxe4 31. Rf2 b5 32. Qd3 Ra4 33. Qe3 Rxa5 34.
Qe6+ Kh8 35. Qf7 Qg8 36. Qxf6+ 1-0

[Event "4NCL Online Division 5"]
[Site "online"]
[Date "2020.05.12"]
[Round "6.141"]
[White "Porter, Andrew"]
[Black "Maton, James J"]
[Result "1-0"]
[WhiteElo "1675"]
[BlackElo "1562"]
[PlyCount "125"]
[EventDate "2020.05.12"]
[WhiteTeam "Bristol University B"]
[BlackTeam "St Albans 3"]

1. d4 d5 2. c4 c6 3. Nc3 Nf6 4. Nf3 Bf5 5. Qb3 Qb6 6. c5 Qc7 7. g3 e6 8. Bf4
Qe7 9. Bd6 Qd7 10. Ne5 Qc8 11. Bxf8 Kxf8 12. Bg2 Nbd7 13. Nxd7+ Qxd7 14. O-O h5
15. h4 Ng4 16. Rad1 f6 17. e4 Bh7 18. Ne2 dxe4 19. Nf4 Re8 20. Nxh5 Re7 21. Nf4
g5 22. Nh5 Bg6 23. f3 Bxh5 24. fxg4 Bxg4 25. Rxf6+ Rf7 26. Rxf7+ Kxf7 27. Rf1+
Kg7 28. Qe3 Qe7 29. hxg5 Bf5 30. Bxe4 Bxe4 31. Qxe4 Qxg5 32. Qf4 Qxf4 33. Rxf4
Re8 34. Kf2 e5 35. Re4 Kf6 36. Kf3 Kf5 37. g4+ Kf6 38. dxe5+ Rxe5 39. Kf4 Rxc5
40. g5+ Kf7 41. Rd4 Ke7 42. g6 Kf6 43. Rd6+ Kg7 44. Rd7+ Kxg6 45. Rxb7 Ra5 46.
a3 Kf6 47. Ke4 Ke6 48. Kd4 Kd6 49. Kc4 c5 50. b4 cxb4 51. Kxb4 Kc6 52. Rg7 Rb5+
53. Ka4 Rb7 54. Rg6+ Kc5 55. Rh6 Kc4 56. Rc6+ Kd5 57. Rg6 Kc5 58. Rg2 Kc6 59.
Ka5 Rb5+ 60. Ka6 Rb7 61. Rg6+ Kc7 62. Rg7+ Kc6 63. Rxb7 1-0

[Event "4NCL Online Division 5"]
[Site "online"]
[Date "2020.05.12"]
[Round "6.142"]
[White "Angel, George"]
[Black "Kelly, Aaron"]
[Result "0-1"]
[WhiteElo "1472"]
[BlackElo "1600"]
[PlyCount "148"]
[EventDate "2020.05.12"]
[WhiteTeam "St Albans 3"]
[BlackTeam "Bristol University B"]

1. e4 e5 2. Nf3 Nc6 3. Bc4 Bc5 4. O-O d6 5. Re1 Nf6 6. c3 O-O 7. d3 h6 8. Bb3
Be6 9. Nbd2 Re8 10. Nf1 d5 11. Qe2 Ng4 12. Be3 Nxe3 13. fxe3 dxe4 14. dxe4 Bxb3
15. axb3 a5 16. Qc4 Bb6 17. Ng3 g6 18. Rad1 Qf6 19. Rd3 Rad8 20. Rf1 Rxd3 21.
Qxd3 Rd8 22. Qb5 Bxe3+ 23. Kh1 Qd6 24. Qxb7 Rb8 25. Qa6 Rxb3 26. Qc4 Qe6 27.
Qxe6 fxe6 28. Rb1 a4 29. Nf1 Bc5 30. N1d2 Rb5 31. b4 axb3 32. Rxb3 Rxb3 33.
Nxb3 Ba3 34. Kg1 Bb2 35. c4 Nd4 36. Nc5 Kf7 37. Nxe5+ Kf6 38. Ned7+ Ke7 39. Kf2
Ba3 40. Ke3 e5 41. Nd3 Kxd7 42. Nxe5+ Kd6 43. Kxd4 Bc5+ 44. Kd3 Kxe5 45. g3 Bg1
46. h3 Bh2 47. g4 c5 48. Ke3 Bg1+ 49. Kf3 g5 50. Kg2 Bd4 51. Kf3 Bb2 52. Ke3
Bc1+ 53. Kd3 Kf4 54. Kc3 Kxe4 55. Kb3 Be3 56. Kc3 Kf3 57. Kd3 Bd4 58. Kd2 Kg3
59. Ke2 Kxh3 60. Kf3 Bc3 61. Ke4 Kxg4 62. Ke3 h5 63. Kf2 h4 64. Kg2 h3+ 65. Kh2
Kh4 66. Kg1 g4 67. Kh2 g3+ 68. Kh1 Kg4 69. Kg1 Kf3 70. Kh1 g2+ 71. Kh2 Kf2 72.
Kxh3 g1=Q 73. Kh4 Bf6+ 74. Kh5 Qg5# 0-1

[Event "4NCL Online Division 5"]
[Site "online"]
[Date "2020.05.12"]
[Round "6.143"]
[White "Jina, Asha"]
[Black "Wicks, Ben"]
[Result "1-0"]
[WhiteElo "1600"]
[BlackElo "1442"]
[PlyCount "53"]
[EventDate "2020.05.12"]
[WhiteTeam "Bristol University B"]
[BlackTeam "St Albans 3"]

1. e4 c5 2. Nc3 g6 3. f4 Bg7 4. Nf3 Nc6 5. Bb5 Nd4 6. Nxd4 cxd4 7. Ne2 a6 8.
Ba4 b5 9. Bb3 e6 10. O-O Bb7 11. d3 Ne7 12. Qe1 O-O 13. Qh4 Nc6 14. Qh3 Na5 15.
f5 Nxb3 16. axb3 Rc8 17. Bh6 Rxc2 18. Bxg7 Kxg7 19. f6+ Kg8 20. Qh6 Qxf6 21.
Rxf6 Rxe2 22. Rf3 Rc8 23. Raf1 f5 24. R3f2 Rcc2 25. Qf4 Rxb2 26. Rxe2 Rxe2 27.
Qb8+ 1-0

[Event "4NCL Online Division 5"]
[Site "online"]
[Date "2020.05.12"]
[Round "6.144"]
[White "Gemmell, Adam"]
[Black "Skalski, Sebastian"]
[Result "1-0"]
[WhiteElo "1390"]
[BlackElo "1450"]
[PlyCount "47"]
[EventDate "2020.05.12"]
[WhiteTeam "St Albans 3"]
[BlackTeam "Bristol University B"]

1. e4 e6 2. d4 d5 3. exd5 exd5 4. Bd3 Nf6 5. Qe2+ Be7 6. Nf3 Bg4 7. h3 Bh5 8.
O-O Nc6 9. c3 O-O 10. Be3 Re8 11. Nbd2 Bd6 12. Qd1 Ne7 13. Re1 Bg6 14. Qc2 Bxd3
15. Qxd3 Qd7 16. Re2 Nf5 17. Rae1 Ne4 18. Qc2 Nxe3 19. Rxe3 Nxd2 20. Qxd2 c6
21. Qe2 Kf8 22. Ne5 Qc7 23. Ng6+ fxg6 24. Rxe8+ 1-0

[Event "4NCL Online Division 5"]
[Site "online"]
[Date "2020.05.12"]
[Round "6.151"]
[White "Humeniuk, Michael"]
[Black "Kerbel, Sasha"]
[Result "0-1"]
[WhiteElo "1480"]
[BlackElo "1780"]
[PlyCount "158"]
[EventDate "2020.05.12"]
[WhiteTeam "Broken Herts 2"]
[BlackTeam "Wigston 2"]

1. e4 e5 2. Nf3 Nc6 3. Bc4 Bc5 4. c3 Nf6 5. d3 h6 6. Be3 Bb6 7. h3 O-O 8. Qe2
d6 9. O-O Be6 10. Bb3 Bxb3 11. axb3 d5 12. exd5 Qxd5 13. c4 Qd6 14. Nc3 Nd4 15.
Bxd4 exd4 16. Nb5 Qd8 17. Qd2 c6 18. Na3 Re8 19. Nc2 Qd7 20. b4 Nh5 21. c5 Bc7
22. Ncxd4 Be5 23. Nb3 Nf4 24. Nxe5 Nxh3+ 25. gxh3 Rxe5 26. Kh2 Rh5 27. Qe3 Re8
28. Qf3 Ree5 29. d4 Ref5 30. Qe3 Rf4 31. Rad1 Rfh4 32. Rd3 Qc7+ 33. f4 Rxh3+
34. Qxh3 Rxh3+ 35. Kxh3 Qd7+ 36. Kg3 Qe6 37. Kf3 Qh3+ 38. Ke2 Qg2+ 39. Rf2 Qe4+
40. Kd2 h5 41. Re3 Qb1 42. Kc3 g6 43. Ree2 b5 44. f5 g5 45. f6 g4 46. Rh2 Qg6
47. Ref2 g3 48. Rhg2 gxf2 49. Rxg6+ fxg6 50. Nd2 h4 51. Kd3 h3 52. Nf1 Kf7 53.
Ke3 Kxf6 54. Kxf2 Kf5 55. Kf3 g5 56. Nh2 a6 57. Kg3 Ke4 58. Nf3 g4 59. Kxg4 h2
60. Nxh2 Kxd4 61. Nf3+ Kc4 62. Nd2+ Kxb4 63. Ne4 Kb3 64. Kf4 Kxb2 65. Ke5 a5
66. Kd6 a4 67. Kxc6 a3 68. Kxb5 a2 69. c6 a1=Q 70. Nc5 Qa8 71. Nb7 Qa7 72. Kc4
Qb6 73. Kd5 Kc3 74. Kd6 Kb4 75. Kd7 Qd4+ 76. Nd6 Kc5 77. c7 Qxd6+ 78. Kc8 Kc6
79. Kb8 Qxc7+ 0-1

[Event "4NCL Online Division 5"]
[Site "online"]
[Date "2020.05.12"]
[Round "6.152"]
[White "Pike, Andrew"]
[Black "Butina, Darko"]
[Result "1-0"]
[WhiteElo "1660"]
[BlackElo "1465"]
[PlyCount "91"]
[EventDate "2020.05.12"]
[WhiteTeam "Wigston 2"]
[BlackTeam "Broken Herts 2"]

1. c4 g6 2. d4 Bg7 3. Nc3 b6 4. e3 Bb7 5. Nf3 d6 6. Be2 e6 7. O-O Ne7 8. Rb1
Nd7 9. b3 a6 10. Bb2 c5 11. Re1 Qc7 12. d5 e5 13. e4 O-O 14. Bc1 f6 15. a4 Kh8
16. Bd2 Rab8 17. Qc1 Ng8 18. h3 Qd8 19. Nh2 Rf7 20. Ng4 Qf8 21. Rf1 Bc8 22. Nd1
Rb7 23. Nde3 Nb8 24. b4 Nd7 25. Nh2 Bh6 26. Nhg4 Bg7 27. Nh2 Bh6 28. Bg4 Bg7
29. Be6 Re7 30. Neg4 g5 31. Ne3 Nh6 32. Nhg4 Nb8 33. Bxc8 Qxc8 34. Nxh6 Bxh6
35. Nf5 Qc7 36. Nxh6 Rg7 37. Nf5 Rg6 38. bxc5 bxc5 39. Rxb7 Qxb7 40. Nxd6 Qd7
41. Nf5 Qxa4 42. Qb1 Rg8 43. Rc1 Rd8 44. Qb6 Nd7 45. Qxd8+ Nf8 46. Qxf8# 1-0